000 00228 a2200073 4500
245 0 _aTiristornye preobrazovateli vysokoj castoty /
_cBerkovic E.I..
710 2 _aEnergija.
_eWydawca
_4pbl
260 _aLeningrad :
_bEnergija,
_c1973.
300 _a198 s.;
_c25 cm.
999 _c13063
_d13063